<?xml version="1.0" encoding="UTF-8"?>
<record
    xmlns:xsi="http://www.w3.org/2001/XMLSchema-instance"
    xsi:schemaLocation="http://www.loc.gov/MARC21/slim http://www.loc.gov/standards/marcxml/schema/MARC21slim.xsd"
    xmlns="http://www.loc.gov/MARC21/slim">

  <leader>02331nam a2200217 a 4500</leader>
  <controlfield tag="003">0</controlfield>
  <controlfield tag="005">20250213093628.0</controlfield>
  <controlfield tag="008">130905s19uu    xx            00    eng d</controlfield>
  <datafield tag="050" ind1=" " ind2=" ">
    <subfield code="a">PHS LA 1297</subfield>
    <subfield code="b">.D291 2012</subfield>
  </datafield>
  <datafield tag="100" ind1=" " ind2=" ">
    <subfield code="a">De Castro, Denise Ira O.</subfield>
  </datafield>
  <datafield tag="245" ind1=" " ind2=" ">
    <subfield code="a">University of the Philippines (UP) and University of Santo Tomas (UST) :</subfield>
    <subfield code="b">a comparative review in terms of quality education /</subfield>
    <subfield code="c">Denise Ira O. De Castro.</subfield>
  </datafield>
  <datafield tag="260" ind1=" " ind2=" ">
    <subfield code="a">Las Pi&#xF1;as City, Philippines :</subfield>
    <subfield code="b">Southville International School and Colleges,</subfield>
    <subfield code="c">2012.</subfield>
  </datafield>
  <datafield tag="300" ind1=" " ind2=" ">
    <subfield code="a">65 pages :</subfield>
    <subfield code="b">illustrations ;</subfield>
    <subfield code="c">28 cm.</subfield>
  </datafield>
  <datafield tag="504" ind1=" " ind2=" ">
    <subfield code="a">Includes bibliographical references.</subfield>
  </datafield>
  <datafield tag="520" ind1=" " ind2=" ">
    <subfield code="a">The purpose of this study was to find the relationship between fitness with self-esteem. As though people who are fit tend to have a high self-esteem because of confidence as to people who are not fit tend to have low self esteem and not have enough confidence with themselves.

	The researcher studied that when the questionnaires were given out randomly to 50 students in Southville International School and Colleges. Studies show that more people are normal weight when being tabulated and checked. Meaning those students who have normal weight tend to stay healthy and exercise. But some studies were also shown that a lot of underweight students were also calculated, and being underweight is not healthy, and some students are overweight as well meaning they tend to eat a lot and not have enough physical exercise.

	the research recommend that we should motivate and help out people who have low self-esteem and motivate people who aren&#x2019;t in the proper normal weight. Because studies show that people who are overweight have mostly low self-esteem with themselves meaning they aren&#x2019;t that confident with their body unlike people who are normal weight and underweight because they aren&#x2019;t being compared on judged. So meaning we should help out people who have low self-esteem and get them fit so that during the end of the day they have something to achieve in their lives instead of being laughed at or getting bullied.
	



</subfield>
  </datafield>
  <datafield tag="650" ind1=" " ind2=" ">
    <subfield code="a">Education, Higher</subfield>
    <subfield code="z">Philippines</subfield>
    <subfield code="v">Comparative studies.</subfield>
  </datafield>
  <datafield tag="650" ind1=" " ind2=" ">
    <subfield code="a">Educational quality</subfield>
    <subfield code="z">Philippines.</subfield>
  </datafield>
  <datafield tag="650" ind1=" " ind2=" ">
    <subfield code="a">University of the Philippines</subfield>
    <subfield code="v">Evaluation.</subfield>
  </datafield>
  <datafield tag="650" ind1=" " ind2=" ">
    <subfield code="a">University of Santo Tomas</subfield>
    <subfield code="v">Evaluation.</subfield>
  </datafield>
  <datafield tag="942" ind1=" " ind2=" ">
    <subfield code="2">lcc</subfield>
    <subfield code="c">PASS</subfield>
  </datafield>
  <datafield tag="999" ind1=" " ind2=" ">
    <subfield code="c">99086</subfield>
    <subfield code="d">99086</subfield>
  </datafield>
  <datafield tag="952" ind1=" " ind2=" ">
    <subfield code="0">0</subfield>
    <subfield code="1">0</subfield>
    <subfield code="2">lcc</subfield>
    <subfield code="4">0</subfield>
    <subfield code="a">LUX</subfield>
    <subfield code="b">LUX</subfield>
    <subfield code="c">PASS</subfield>
    <subfield code="d">2013-09-05</subfield>
    <subfield code="e">DONATION</subfield>
    <subfield code="l">0</subfield>
    <subfield code="o">PHS LA 1297 .D291 2012</subfield>
    <subfield code="p">P3188</subfield>
    <subfield code="r">2019-11-28 00:00:00</subfield>
    <subfield code="w">2014-04-08</subfield>
    <subfield code="y">PASS</subfield>
  </datafield>
</record>
